000 00533nam a2200193 i 4500
001 36975
003 ES-MaACL
005 20230906155459.0
007 t|
008 030219s1910 fr ||||1| fre d
100 1 _aBovet, Marie Anne.
_931125
245 1 0 _aCracovie /
_cMarie Anne Bovet.
260 _a[S.l. :
_bs.n.,
_c1910] (
_eEvreux :
_fCh. Herissey)
300 _a139 p. ;
_c26 cm.
490 1 _aLes villes d'art celebres
830 0 _aLes villes d'art celebres
_9181445
852 _aES-MaACL
_jF-2101
999 _c36975
_d36975